Porovnanie matematických metód predikčného modelovania v prostredí GIS

Saved in:
Bibliographic Details
Main Author: Šimek, Anton (Author)
Other Authors: Ďuračiová, Renata (Thesis advisor)
Format: Manuscript Book
Language:Slovak
Published: 2018
Subjects:
Online Access:http://is.stuba.sk/zp/portal_zp.pl?podrobnosti=124684
https://opac.crzp.sk/?fn=detailBiblioForm&sid=24C5901A55BE88273A43CED1E80C
Tags: Add Tag
No Tags, Be the first to tag this record!

MARC

LEADER 00000ntm a22000003a 4500
001 stuzp68602
003 SK-STU
005 20230523103149.8
007 ta
008 150427s2015----xo-----f-mn---000-0-slo-d
040 |a STU  |b slo 
041 0 |a slo 
100 1 |a Šimek, Anton  |u 010130  |4 aut  |U SvF Stavebná fakulta  |T SvF Katedra geodetických základov  |X 81017  |U V130  |Y 13  |7 81017 
242 0 1 |a Comparison of mathematical methods of predictive modeling in GIS  |y eng 
245 1 0 |a Porovnanie matematických metód predikčného modelovania v prostredí GIS 
260 |c 2018 
650 4 |a teória fuzzy množín  |2 slo 
650 4 |a predikčné modelovanie  |2 slo 
650 4 |a matematické metódy  |2 slo 
650 4 |a validácia  |2 slo 
650 4 |a mathematical methods  |2 eng 
650 4 |a predictive modeling  |2 eng 
650 4 |a fuzzy logic  |2 eng 
650 4 |a validation  |2 eng 
700 1 |a Ďuračiová, Renata  |u 010130  |k Z1  |4 ths  |U SvF Stavebná fakulta  |T SvF Katedra geodetických základov  |X 950  |U V130  |Y 13  |7 A000000950 
856 4 |u http://is.stuba.sk/zp/portal_zp.pl?podrobnosti=124684 
856 4 |u https://opac.crzp.sk/?fn=detailBiblioForm&sid=24C5901A55BE88273A43CED1E80C